[Event "TOP 16 Poule Haute"]
[Site "Le Port Marly FRA"]
[Date "2009.05.31"]
[EventDate "2009.05.28"]
[Round "11"]
[Result "1-0"]
[White "Maxime Vachier-Lagrave"]
[Black "Anthony Cornelis Kosten"]
[WhiteElo "2684"]
[BlackElo "2513"]
[PlyCount "55"]

1. e4 e5 2. Nf3 Nc6 3. Bb5 Nf6 4. O-O Nxe4 5. d4 Be7 6. Qe2
Nd6 7. Bxc6 bxc6 8. dxe5 Nf5 9. c4 O-O 10. Nc3 d5 11. Rd1 Be6
12. g4 Nh4 13. Nxh4 Bxh4 14. f4 f5 15. g5 Bxg5 16. fxg5 f4
17. h4 Qc8 18. Rd4 f3 19. Qf2 dxc4 20. Be3 Qe8 21. Qg3 Rb8
22. Rd2 a6 23. Bc5 f2+ 24. Rxf2 Rxf2 25. Qxf2 Qh5 26. Qf4 h6
27. gxh6 gxh6 28. Rf1 1-0

[Event "France-Armenia Match"]
[Site "Paris FRA"]
[Date "2009.06.24"]
[EventDate "2009.06.24"]
[Round "1"]
[Result "1/2-1/2"]
[White "Levon Aronian"]
[Black "Maxime Vachier-Lagrave"]
[WhiteElo "2754"]
[BlackElo "2684"]
[PlyCount "75"]

1. d4 Nf6 2. c4 g6 3. Nc3 d5 4. cxd5 Nxd5 5. e4 Nxc3 6. bxc3
Bg7 7. Bc4 c5 8. Ne2 Nc6 9. Be3 O-O 10. O-O Bd7 11. Rb1 Qc7
12. Bd3 Rad8 13. Qc1 Bc8 14. Rd1 b6 15. h3 Bb7 16. f4 cxd4
17. cxd4 e6 18. Rb3 Qd6 19. Bb1 Ba6 20. e5 Qd7 21. Ng3 Ne7
22. Ne4 Nd5 23. Bf2 Rc8 24. Qd2 Rc6 25. g4 f5 26. exf6 Nxf6
27. Nxf6+ Bxf6 28. Rc3 Rxc3 29. Qxc3 Bb7 30. Re1 Bg7 31. Qd2
Qd6 32. Be4 Bxe4 33. Rxe4 Rc8 34. Qe3 Qd5 35. Rxe6 Bxd4
36. Re8+ Rxe8 37. Qxe8+ Kg7 38. Qe7+ 1/2-1/2

[Event "France-Armenia Match"]
[Site "Paris FRA"]
[Date "2009.06.25"]
[EventDate "2009.06.24"]
[Round "5"]
[Result "1/2-1/2"]
[White "Maxime Vachier-Lagrave"]
[Black "Levon Aronian"]
[WhiteElo "2684"]
[BlackElo "2754"]
[PlyCount "83"]

1. e4 e5 2. Nf3 Nc6 3. Bb5 Nge7 4. c3 d5 5. Nxe5 dxe4 6. d4
exd3 7. Qf3 Be6 8. Nxc6 Nxc6 9. O-O Qd5 10. Qxd5 Bxd5 11. Re1+
Be6 12. Bxd3 O-O-O 13. Bc2 Bc5 14. Bf4 h6 15. Nd2 Rhe8 16. h4
Bf8 17. Nf3 a6 18. a4 Bd5 19. Rxe8 Rxe8 20. Rd1 Be6 21. Kh2
Bc5 22. Kg3 Ne7 23. Nd4 Bd7 24. b4 Ba7 25. Nf3 f6 26. h5 c6
27. Nh4 Nd5 28. Nf5 Re2 29. Nd6+ Kd8 30. Nxb7+ Ke7 31. Bd6+
Ke6 32. Bc5 Rxc2 33. Bxa7 Rxc3+ 34. f3 Bc8 35. Re1+ Kd7
36. Nc5+ Kd8 37. b5 axb5 38. axb5 cxb5 39. Rd1 Kc7 40. Ne4 Ra3
41. Rxd5 Rxa7 42. Rxb5 1/2-1/2

[Event "Donostia Chess Festival"]
[Site "Donostia ESP"]
[Date "2009.07.13"]
[EventDate "?"]
[Round "6"]
[Result "1-0"]
[White "Maxime Vachier-Lagrave"]
[Black "Pablo San Segundo Carrillo"]
[WhiteElo "2703"]
[BlackElo "2570"]
[PlyCount "69"]

1. e4 c5 2. Nf3 Nc6 3. Bb5 g6 4. O-O Bg7 5. c3 Nf6 6. d4 Nxe4
7. d5 Nd6 8. Bd3 Ne5 9. Nxe5 Bxe5 10. Re1 Bg7 11. Qe2 e6
12. Bf4 Qe7 13. Na3 O-O 14. Rad1 e5 15. Bxe5 Qxe5 16. Qxe5
Bxe5 17. Rxe5 Rb8 18. f4 b5 19. b4 c4 20. Be4 f6 21. Re7 Rf7
22. Rxf7 Kxf7 23. Bf3 a5 24. Nc2 Ra8 25. Kf2 axb4 26. Nxb4 Ra3
27. Ke3 Nf5+ 28. Kd2 h5 29. Be4 Nd6 30. Bc2 Bb7 31. Ke3 Ne8
32. Kd4 d6 33. Re1 Nc7 34. f5 g5 35. Bd1 1-0

[Event "Biel International Chess Festival"]
[Site "Biel SUI"]
[Date "2009.07.30"]
[EventDate "2009.07.19"]
[Round "10"]
[Result "1/2-1/2"]
[White "Evgeny Alekseev"]
[Black "Maxime Vachier-Lagrave"]
[WhiteElo "2714"]
[BlackElo "2703"]
[PlyCount "28"]

1. e4 c5 2. Nf3 d6 3. d4 cxd4 4. Nxd4 Nf6 5. Nc3 a6 6. Bg5 e6
7. f4 Nc6 8. e5 h6 9. Bh4 dxe5 10. Nxc6 Qxd1+ 11. Rxd1 bxc6
12. fxe5 Nd7 13. Bg3 Rb8 14. b3 Bb4 1/2-1/2

[Event "ch-FRA National A"]
[Site "Nimes FRA"]
[Date "2009.08.10"]
[EventDate "2009.08.10"]
[Round "1"]
[Result "0-1"]
[White "Jean-Pierre Le Roux"]
[Black "Maxime Vachier-Lagrave"]
[WhiteElo "2485"]
[BlackElo "2703"]
[PlyCount "84"]

1. e4 c5 2. Nf3 d6 3. d4 cxd4 4. Nxd4 Nf6 5. Nc3 a6 6. Bg5 e6
7. f4 Nc6 8. e5 h6 9. Bh4 dxe5 10. Nxc6 Qxd1+ 11. Rxd1 bxc6
12. fxe5 Nd7 13. Ne4 Bb7 14. Bg3 c5 15. Nd6+ Bxd6 16. Rxd6 Ke7
17. Kf2 Be4 18. Rd2 Rhd8 19. Be2 Nb6 20. Rhd1 Na4 21. Rxd8
Rxd8 22. Rxd8 Kxd8 23. Ke1 Kc7 24. Kd2 Nxb2 25. Bf2 Kc6
26. Kc3 Na4+ 27. Kb3 Nb6 28. Bxa6 Nd7 29. Bg3 Bxg2 30. a4 Kb6
31. Bd3 Nb8 32. Bb5 Nc6 33. Kc3 Nd4 34. Bd3 Bc6 35. Bf2 Bxa4
36. Bxd4 cxd4+ 37. Kxd4 f5 38. exf6 gxf6 39. Bc4 Bd7 40. Be2
Kc6 41. Bh5 Kd6 42. Bg6 f5 0-1

[Event "ch-FRA National A"]
[Site "Nimes FRA"]
[Date "2009.08.11"]
[EventDate "?"]
[Round "2"]
[Result "1-0"]
[White "Maxime Vachier-Lagrave"]
[Black "Jean-Marc Degraeve"]
[WhiteElo "2703"]
[BlackElo "2559"]
[PlyCount "40"]

1. e4 c6 2. d4 d5 3. e5 c5 4. Ne2 Nc6 5. c3 g6 6. h4 h5 7. Nf4
e6 8. Bd3 Qb6 9. O-O Bd7 10. Re1 a6 11. Nd2 cxd4 12. c4 dxc4
13. Nxc4 Qc7 14. Nd5 Qb8 15. Ndb6 Ra7 16. Bg5 Nh6 17. Qf3 Rh7
18. Rad1 Ng4 19. Qf4 Bc5 20. f3 Ne3 1-0

[Event "48th World Junior Championship"]
[Site "Puerto Madryn ARG"]
[Date "2009.10.22"]
[EventDate "2009.10.22"]
[Round "1"]
[Result "1-0"]
[White "Maxime Vachier-Lagrave"]
[Black "Bryan Macias Murillo"]
[WhiteElo "2718"]
[BlackElo "2363"]
[PlyCount "120"]

1. e4 c5 2. Nf3 e6 3. d4 cxd4 4. Nxd4 a6 5. Bd3 Nf6 6. O-O Qc7
7. Qe2 d6 8. c4 Nbd7 9. b3 g6 10. Bb2 Bg7 11. Nd2 O-O 12. Rfe1
b6 13. Nf1 Bb7 14. Ng3 Rfe8 15. Rad1 Rac8 16. h3 Nc5 17. Nf3
Nxd3 18. Qxd3 Rcd8 19. Bd4 Bc6 20. Qe3 Nd7 21. Bxg7 Kxg7
22. h4 f6 23. Rd2 Ne5 24. Red1 Nf7 25. h5 b5 26. Rc1 Qb7
27. cxb5 Bxb5 28. Nh2 Rc8 29. Rcd1 Rc5 30. Rxd6 Qc7 31. R6d2
Rc3 32. Qd4 Rc8 33. a4 Be8 34. Rd3 Ne5 35. Rxc3 Qxc3 36. Qa7+
Bf7 37. Qxa6 Qxb3 38. Rf1 Rc2 39. Ne2 Qc4 40. Qxc4 Rxc4
41. hxg6 hxg6 42. Ra1 Rxe4 43. Nc3 Rc4 44. Nb5 Rb4 45. Nd6 Rb6
46. Nxf7 Kxf7 47. Nf1 Ra6 48. Nd2 Nc6 49. Kf1 Na5 50. Rc1 f5
51. f4 Nc6 52. Nb3 Rxa4 53. Rxc6 Rxf4+ 54. Ke2 Rg4 55. Kf3 e5
56. Nc5 e4+ 57. Kf2 Rf4+ 58. Kg3 Rg4+ 59. Kh3 Kg7 60. Nd7 Rg5
1-0

[Event "48th World Junior Championship"]
[Site "Puerto Madryn ARG"]
[Date "2009.10.23"]
[EventDate "2009.10.22"]
[Round "3"]
[Result "1-0"]
[White "Maxime Vachier-Lagrave"]
[Black "Leonardo Tristan"]
[WhiteElo "2718"]
[BlackElo "2412"]
[PlyCount "101"]

1. e4 d6 2. d4 Nf6 3. Nc3 g6 4. Nf3 Bg7 5. Be3 O-O 6. Bd3 c6
7. h3 Qc7 8. Qd2 Nbd7 9. O-O b5 10. Ne2 a6 11. Ng3 c5 12. c3
e5 13. b4 c4 14. Bc2 Bb7 15. a4 d5 16. exd5 Nxd5 17. Bh6 Nf4
18. Bxf4 exf4 19. Ne4 f5 20. Neg5 Bd5 21. h4 Nf6 22. Rfe1 Rae8
23. Ne5 Ng4 24. axb5 axb5 25. Nxg4 fxg4 26. Rxe8 Rxe8 27. Re1
Rxe1+ 28. Qxe1 Qd7 29. Be4 Bf7 30. h5 Bh6 31. Nxf7 Kxf7
32. hxg6+ hxg6 33. f3 gxf3 34. Qh4 f2+ 35. Kxf2 Kg7 36. Kf3
Qd6 37. Qg4 Kh7 38. Qc8 Qf6 39. Bd5 Bg5 40. Qd7+ Kh6 41. Qc6
Qe7 42. Be4 Bf6 43. Qxb5 Bh4 44. Qxc4 Qg5 45. Ke2 f3+ 46. gxf3
Qg2+ 47. Kd1 Bg5 48. Qe2 Qg1+ 49. Kc2 Qa1 50. Kb3 Bc1 51. Qa2
1-0

[Event "48th World Junior Championship"]
[Site "Puerto Madryn ARG"]
[Date "2009.10.24"]
[EventDate "2009.10.22"]
[Round "4"]
[Result "0-1"]
[White "Ray Robson"]
[Black "Maxime Vachier-Lagrave"]
[WhiteElo "2527"]
[BlackElo "2718"]
[PlyCount "66"]

1. e4 c5 2. Nf3 d6 3. d4 cxd4 4. Nxd4 Nf6 5. Nc3 a6 6. Bg5 e6
7. f4 Qc7 8. Qf3 b5 9. Bxf6 gxf6 10. a3 Nc6 11. Nxc6 Qxc6
12. f5 Qc5 13. O-O-O Bb7 14. Be2 h5 15. Kb1 Ke7 16. Rhf1 Qe5
17. fxe6 fxe6 18. Qf2 Rd8 19. Qb6 Rd7 20. Nxb5 Bxe4 21. Nd4
Rb7 22. Qxa6 Bg7 23. Rfe1 Rhb8 24. Bb5 Rxb5 25. Nc6+ Bxc6
26. Rxe5 Rxb2+ 27. Ka1 R2b6 28. Qd3 dxe5 29. Qd6+ Kf7 30. g4
hxg4 31. Qc7+ Kg6 32. h4 gxh3 33. Rg1+ Bg2 0-1

[Event "48th World Junior Championship"]
[Site "Puerto Madryn ARG"]
[Date "2009.10.26"]
[EventDate "2009.10.22"]
[Round "6"]
[Result "1/2-1/2"]
[White "Sergei Zhigalko"]
[Black "Maxime Vachier-Lagrave"]
[WhiteElo "2646"]
[BlackElo "2718"]
[PlyCount "26"]

1. e4 c5 2. Nf3 d6 3. d4 cxd4 4. Qxd4 Nf6 5. Nc3 Nc6 6. Bb5
Nd7 7. Qe3 e6 8. O-O a6 9. Bxc6 bxc6 10. b3 Be7 11. Bb2 O-O
12. Rad1 Bb7 13. Ne2 Qb6 1/2-1/2

[Event "48th World Junior Championship"]
[Site "Puerto Madryn ARG"]
[Date "2009.10.27"]
[EventDate "2009.10.22"]
[Round "7"]
[Result "1/2-1/2"]
[White "Maxime Vachier-Lagrave"]
[Black "Li Chao"]
[WhiteElo "2718"]
[BlackElo "2617"]
[PlyCount "65"]

1. e4 e5 2. Nf3 Nf6 3. Nxe5 d6 4. Nf3 Nxe4 5. d4 d5 6. Bd3 Nc6
7. O-O Be7 8. c4 Nb4 9. Be2 O-O 10. Nc3 Bf5 11. a3 Nxc3
12. bxc3 Nc6 13. cxd5 Qxd5 14. Bf4 Rac8 15. Re1 Rfe8 16. Nd2
Qd7 17. Nc4 Bd6 18. Bxd6 cxd6 19. Ne3 d5 20. Bf3 Be6 21. c4
Ne7 22. c5 b6 23. cxb6 axb6 24. Qb3 Qd6 25. g3 Red8 26. Rac1
Nc6 27. Qb2 Ra8 28. Bg2 Na5 29. Qb4 g6 30. Rc3 Ra7 31. Rb1 Nc4
32. Qxd6 Rxd6 33. Rbb3 1/2-1/2

[Event "48th World Junior Championship"]
[Site "Puerto Madryn ARG"]
[Date "2009.10.29"]
[EventDate "2009.10.22"]
[Round "8"]
[Result "0-1"]
[White "Falko Bindrich"]
[Black "Maxime Vachier-Lagrave"]
[WhiteElo "2516"]
[BlackElo "2718"]
[PlyCount "122"]

1. d4 Nf6 2. c4 g6 3. g3 Bg7 4. Bg2 O-O 5. Nf3 d6 6. O-O Nbd7
7. Nc3 e5 8. dxe5 dxe5 9. Qb3 c6 10. h3 Qa5 11. Qc2 Nb6
12. Nd2 Be6 13. b3 e4 14. e3 Qh5 15. Bb2 Bxh3 16. Ncxe4 Nbd7
17. Rad1 Rae8 18. Nxf6+ Nxf6 19. Bxf6 Bxf6 20. Ne4 Bg7 21. Nd6
Re7 22. c5 Bg4 23. Rd2 Rd8 24. Qc4 Be6 25. Qb4 Red7 26. Rfd1
Bf8 27. Qc3 Bxd6 28. cxd6 Bg4 29. Rc1 Rxd6 30. Rxd6 Rxd6
31. a4 Be6 32. Qc2 Qa5 33. Bf1 Rd2 34. Qb1 Qh5 35. Bg2 Qe2
36. Rf1 Qd3 37. Qc1 Bxb3 38. Qa3 Bc4 39. Qc5 Rd1 40. Rxd1
Qxd1+ 41. Kh2 Qxa4 42. Qe7 Qb5 43. Qd8+ Kg7 44. Qd4+ f6
45. Qxa7 Bf7 46. f4 Qb2 47. Qc5 f5 48. Qe7 b5 49. Kh3 Qf6
50. Qb7 Qe6 51. Bxc6 b4 52. Ba4 b3 53. Bc6 g5 54. Kg2 Qxe3
55. fxg5 Qd2+ 56. Kh3 Qxg5 57. Bf3 Kg6 58. Qb6+ Qf6 59. Qb8 b2
60. Be2 Qd4 61. Qb7 Qe4 0-1

[Event "48th World Junior Championship"]
[Site "Puerto Madryn ARG"]
[Date "2009.10.31"]
[EventDate "2009.10.22"]
[Round "10"]
[Result "1/2-1/2"]
[White "Eduardo Patricio Iturrizaga Bonelli"]
[Black "Maxime Vachier-Lagrave"]
[WhiteElo "2605"]
[BlackElo "2718"]
[PlyCount "30"]

1. Nf3 Nf6 2. c4 g6 3. Nc3 d5 4. cxd5 Nxd5 5. Qa4+ Bd7 6. Qh4
Nxc3 7. bxc3 c5 8. Rb1 Qc7 9. Qg3 Qxg3 10. hxg3 b6 11. Ne5 Be6
12. e4 Bg7 13. Bb5+ Kd8 14. f4 Bxe5 15. fxe5 c4 1/2-1/2

[Event "48th World Junior Championship"]
[Site "Puerto Madryn ARG"]
[Date "2009.11.01"]
[EventDate "2009.10.22"]
[Round "11"]
[Result "1-0"]
[White "Maxime Vachier-Lagrave"]
[Black "Aleksandr Lenderman"]
[WhiteElo "2718"]
[BlackElo "2542"]
[PlyCount "177"]

1. e4 c6 2. d4 d5 3. e5 Bf5 4. Nc3 e6 5. g4 Bg6 6. Nge2 Nd7
7. h4 h5 8. Nf4 Ne7 9. Nxg6 Nxg6 10. Bg5 Be7 11. gxh5 Nxh4
12. Bxh4 Bxh4 13. Qg4 Bg5 14. f4 Bh6 15. O-O-O Qe7 16. Kb1
O-O-O 17. f5 Kb8 18. Bh3 exf5 19. Qxf5 f6 20. e6 Nb6 21. Qd3
Bg5 22. Bf5 Nc4 23. Na4 b6 24. Rde1 Nd6 25. Bg6 Kb7 26. b3 Nc8
27. Nc3 Qd6 28. Ne2 Ne7 29. Ng3 Rc8 30. Bf7 Rc7 31. Rd1 Bf4
32. Rhg1 Bg5 33. Rgf1 Bh6 34. Rf3 Bg5 35. Qe2 Bh6 36. Rfd3 Bg5
37. Qf3 Bh6 38. Nf1 Qd8 39. Ne3 Kb8 40. c4 Qd6 41. Nc2 Rhc8
42. Qf2 Kb7 43. c5 Qd8 44. a4 bxc5 45. dxc5 Ka8 46. Ka2 Rb8
47. Ka3 Rcb7 48. Rb1 Qc7 49. Rf3 Bg5 50. Qd4 Qh2 51. Qf2 Qc7
52. Qd4 Qe5 53. b4 a5 54. Qd3 axb4+ 55. Nxb4 Qe4 56. Bg6 Bc1+
57. Ka2 Qxd3 58. Rxd3 Rxb4 59. Rxc1 Rxa4+ 60. Ra3 Rxa3+
61. Kxa3 Nxg6 62. hxg6 Re8 63. Re1 Re7 64. Kb4 Kb8 65. Re2 Kc7
66. Ra2 Kb7 67. Re2 Re8 68. Re1 Rh8 69. Kc3 Re8 70. Kb4 Kc8
71. Ra1 Kb8 72. Re1 f5 73. Kc3 Kc7 74. Kd4 Ra8 75. Ke5 Ra2
76. e7 Kd7 77. e8=Q+ Kxe8 78. Kd6+ Kd8 79. Re7 d4 80. Rxg7 Kc8
81. Rc7+ Kb8 82. g7 Rg2 83. Rf7 Rg6+ 84. Ke5 d3 85. Rf8+ Ka7
86. g8=Q Rxg8 87. Rxg8 Ka6 88. Kd4 d2 89. Rg1 1-0

[Event "48th World Junior Championship"]
[Site "Puerto Madryn ARG"]
[Date "2009.11.02"]
[EventDate "2009.10.22"]
[Round "12"]
[Result "1/2-1/2"]
[White "Ivan Popov"]
[Black "Maxime Vachier-Lagrave"]
[WhiteElo "2582"]
[BlackElo "2718"]
[PlyCount "74"]

1. e4 c5 2. Nf3 d6 3. d4 cxd4 4. Nxd4 Nf6 5. Nc3 a6 6. g3 e5
7. Nb3 Nbd7 8. a4 b6 9. Bg2 Bb7 10. O-O Be7 11. Nd2 Nc5 12. b4
Ne6 13. Nd5 Rc8 14. c4 O-O 15. a5 b5 16. cxb5 axb5 17. Bb2
Nxd5 18. exd5 Nc7 19. Qb3 Kh8 20. f4 exf4 21. Rxf4 Bg5 22. Rf2
Qe7 23. Bd4 f5 24. Raf1 f4 25. Nb1 fxg3 26. Rxf8+ Rxf8
27. Rxf8+ Qxf8 28. Qxg3 Bf4 29. Qg4 Nxd5 30. Qe6 Nc7 31. Qd7
Bxh2+ 32. Kxh2 Qf4+ 33. Kh3 Qh6+ 34. Kg4 Qg6+ 35. Kh4 Qh6+
36. Kg4 Qg6+ 37. Kh4 Qh6+ 1/2-1/2

[Event "Bundesliga 2009/10"]
[Site "Muelheim GER"]
[Date "2010.02.07"]
[EventDate "2009.10.17"]
[Round "9"]
[Result "1-0"]
[White "Maxime Vachier-Lagrave"]
[Black "Mikhael Mchedlishvili"]
[WhiteElo "2718"]
[BlackElo "2613"]
[PlyCount "47"]

1. e4 c6 2. d4 d5 3. e5 Bf5 4. Nd2 e6 5. Nb3 c5 6. dxc5 Bxc5
7. Nxc5 Qa5+ 8. c3 Qxc5 9. Qa4+ Nd7 10. Bb5 Qc7 11. Nf3 Ne7
12. O-O a6 13. Bg5 Ng6 14. Nd4 Ngxe5 15. Nxf5 exf5 16. Rfe1 f6
17. Rxe5+ Qxe5 18. Bxd7+ Ke7 19. Bf4 Qe4 20. f3 Qxa4 21. Bxa4
Rhd8 22. Re1+ Kf7 23. Bc7 Rdc8 24. Bb6 1-0

[Event "Aeroflot Open"]
[Site "Moscow RUS"]
[Date "2010.02.10"]
[EventDate "2010.02.09"]
[Round "2"]
[Result "1-0"]
[White "Maxime Vachier-Lagrave"]
[Black "Mikhail Krylov"]
[WhiteElo "2730"]
[BlackElo "2511"]
[PlyCount "117"]

1. e4 e5 2. Nf3 Nc6 3. Bb5 a6 4. Ba4 Nf6 5. O-O Be7 6. Re1 b5
7. Bb3 O-O 8. c3 d6 9. h3 Bb7 10. d4 Re8 11. Nbd2 Bf8 12. a3
h6 13. d5 Nb8 14. Nh2 Nbd7 15. Qf3 g6 16. Ndf1 Bg7 17. Ng4 Kh7
18. Bc2 c6 19. dxc6 Bxc6 20. Nfe3 h5 21. Nxf6+ Qxf6 22. Rd1
Qxf3 23. gxf3 Bf8 24. Bb3 Kg7 25. Bd5 Rec8 26. a4 Nb6 27. Bxc6
Rxc6 28. axb5 axb5 29. Rxa8 Nxa8 30. Nd5 Nb6 31. Be3 Na4
32. Rd2 f5 33. b3 Nc5 34. Bxc5 dxc5 35. Ra2 fxe4 36. Ra7+ Kh6
37. fxe4 b4 38. c4 Kg5 39. Kh2 Kh4 40. Ne3 Rd6 41. Rf7 Rd8
42. Rf3 Kg5 43. Nd5 Bd6 44. Kg3 Rf8 45. Rd3 Rf7 46. Nb6 Rf6
47. Nd7 Re6 48. h4+ Kh6 49. Rd5 Be7 50. Nxc5 Bxc5 51. Rxc5 Ra6
52. Rb5 Ra1 53. f3 g5 54. Rb6+ Kg7 55. hxg5 Rg1+ 56. Kh3 Rb1
57. Rxb4 Kg6 58. c5 Kxg5 59. c6 1-0

[Event "Aeroflot Open"]
[Site "Moscow RUS"]
[Date "2010.02.12"]
[EventDate "2010.02.09"]
[Round "4"]
[Result "1/2-1/2"]
[White "Maxime Vachier-Lagrave"]
[Black "Boris Savchenko"]
[WhiteElo "2730"]
[BlackElo "2638"]
[PlyCount "56"]

1. e4 c5 2. Nf3 Nc6 3. d4 cxd4 4. Nxd4 g6 5. Nc3 Bg7 6. Be3
Nf6 7. Bc4 d6 8. f3 Qb6 9. Nf5 Qxb2 10. Nxg7+ Kf8 11. Nd5 Nxd5
12. Bxd5 Kxg7 13. Rb1 Qc3+ 14. Kf2 Qa5 15. h4 h5 16. g4 hxg4
17. fxg4 Ne5 18. g5 Bg4 19. Qd4 Rac8 20. Rxb7 e6 21. Rxa7
Rxc2+ 22. Kg3 Qb5 23. Bf4 exd5 24. Rh2 Rhc8 25. Bxe5+ dxe5
26. Qxe5+ Kg8 27. Rxf7 Kxf7 28. Qf6+ Kg8 1/2-1/2

[Event "Aeroflot Open"]
[Site "Moscow RUS"]
[Date "2010.02.13"]
[EventDate "2010.02.09"]
[Round "5"]
[Result "1-0"]
[White "Arman Pashikian"]
[Black "Maxime Vachier-Lagrave"]
[WhiteElo "2647"]
[BlackElo "2730"]
[PlyCount "89"]

1. d4 Nf6 2. c4 g6 3. Nc3 d5 4. cxd5 Nxd5 5. e4 Nxc3 6. bxc3
Bg7 7. Be3 c5 8. Rc1 O-O 9. Nf3 Qa5 10. Qd2 Rd8 11. d5 e6
12. Bg5 Re8 13. d6 b5 14. h4 Bb7 15. Bd3 Nd7 16. h5 e5
17. hxg6 hxg6 18. Bh6 Bf6 19. Nh2 Re6 20. Ng4 Bh8 21. Bg5 f6
22. Qe3 Rxd6 23. Qh3 Kf7 24. Qh7+ Ke6 25. Bb1 b4 26. Qxg6 bxc3
27. Bc2 Rd2 28. Bxf6 Bxf6 29. Qf5+ Kd6 30. Nxf6 Rd8 31. Nxd7
Rxd7 32. Qf6+ Kc7 33. Qxe5+ Kc8 34. Rh8+ Rd8 35. Rxd8+ Kxd8
36. Rd1 Rxd1+ 37. Kxd1 Qb4 38. Ke2 Qb2 39. Qd6+ Ke8 40. Qe6+
Kd8 41. Qb3 Ba6+ 42. Kd1 Bf1 43. Qxb2 cxb2 44. Kd2 Bxg2 45. f4
1-0

[Event "Aeroflot Open"]
[Site "Moscow RUS"]
[Date "2010.02.15"]
[EventDate "2010.02.09"]
[Round "7"]
[Result "0-1"]
[White "Loek van Wely"]
[Black "Maxime Vachier-Lagrave"]
[WhiteElo "2641"]
[BlackElo "2730"]
[PlyCount "80"]

1. c4 Nf6 2. Nc3 e5 3. g3 Bb4 4. Bg2 O-O 5. Nf3 Re8 6. O-O c6
7. Qb3 Na6 8. d3 Bxc3 9. Qxc3 d5 10. cxd5 Nxd5 11. Qc2 Bg4
12. h3 Bxf3 13. Bxf3 Nac7 14. a3 Ne6 15. e3 f5 16. Bg2 f4
17. Qc4 Kh8 18. Re1 Nb6 19. Qc2 fxg3 20. fxg3 Qd6 21. Rd1 Rad8
22. Kh2 Rf8 23. b4 Ng5 24. Qe2 e4 25. Qg4 Nf3+ 26. Bxf3 Rxf3
27. Ra2 Nc4 28. Rg2 Qd5 29. dxc4 Qxd1 30. Bb2 Rf7 31. Qxe4 Rf1
32. g4 Rh1+ 33. Kg3 Qe1+ 34. Kf4 Qh4 35. Qe5 Rf1+ 36. Ke4 Qh6
37. Qh5 Qe6+ 38. Be5 Qxc4+ 39. Bd4 Qe6+ 40. Be5 Qd5+ 0-1

[Event "Aeroflot Open"]
[Site "Moscow RUS"]
[Date "2010.02.17"]
[EventDate "2010.02.09"]
[Round "9"]
[Result "1/2-1/2"]
[White "Boris Grachev"]
[Black "Maxime Vachier-Lagrave"]
[WhiteElo "2653"]
[BlackElo "2730"]
[PlyCount "42"]

1. d4 Nf6 2. c4 g6 3. Nc3 d5 4. cxd5 Nxd5 5. Bd2 Bg7 6. e4
Nxc3 7. Bxc3 c5 8. d5 Bxc3+ 9. bxc3 O-O 10. Bc4 Qd6 11. Nf3
Bg4 12. e5 Qc7 13. O-O Bxf3 14. Qxf3 Qxe5 15. Rab1 Nd7
16. Rfe1 Qd6 17. Rxb7 Rfb8 18. Rb3 Ne5 19. Qe4 Nxc4 20. Qxc4
Rxb3 21. axb3 Rd8 1/2-1/2

[Event "Bundesliga 2009/10"]
[Site "Katernberg GER"]
[Date "2010.03.20"]
[EventDate "2009.10.17"]
[Round "12"]
[Result "1/2-1/2"]
[White "Shakhriyar Mamedyarov"]
[Black "Maxime Vachier-Lagrave"]
[WhiteElo "2721"]
[BlackElo "2718"]
[PlyCount "49"]

1. d4 Nf6 2. c4 g6 3. Nc3 d5 4. cxd5 Nxd5 5. Bd2 Bg7 6. e4
Nxc3 7. Bxc3 c5 8. d5 Bxc3+ 9. bxc3 O-O 10. Qd2 Nd7 11. Nf3
Qc7 12. Bd3 Nf6 13. h3 e5 14. Qh6 Ne8 15. O-O f6 16. Nd2 Nd6
17. Qh4 c4 18. Bc2 Bd7 19. f4 Qb6+ 20. Rf2 Qe3 21. fxe5 fxe5
22. Nf3 Rxf3 23. gxf3 Rf8 24. Raf1 Nf7 25. Kh1 1/2-1/2

[Event "Bundesliga 2009/10"]
[Site "?"]
[Date "2010.04.10"]
[EventDate "2010.??.??"]
[Round "14.1"]
[Result "1/2-1/2"]
[White "Maxime Vachier-Lagrave"]
[Black "Alexey Shirov"]
[WhiteElo "2718"]
[BlackElo "2730"]
[PlyCount "87"]

1. e4 e5 2. Nf3 Nc6 3. Bb5 a6 4. Bxc6 dxc6 5. O-O Bg4 6. h3 h5
7. d3 Qf6 8. Nbd2 Ne7 9. Re1 Ng6 10. d4 Nf4 11. hxg4 hxg4
12. g3 gxf3 13. Qxf3 Ne6 14. dxe5 Qxe5 15. Qf5 Qb5 16. Nf3 g6
17. Qxb5 axb5 18. c3 b4 19. cxb4 Bxb4 20. Re2 Rd8 21. Be3 Bc5
22. Bxc5 Nxc5 23. Rc1 Ne6 24. Rcc2 Rd1+ 25. Re1 Rd3 26. Ne5
Rd8 27. Kg2 Ke7 28. f4 Rh5 29. Rf2 Nc5 30. Re3 Rd1 31. f5 Kf6
32. Ng4+ Kg5 33. Ne5 Kf6 34. Ng4+ Kg5 35. Nh2 gxf5 36. Rxf5+
Kg6 37. Nf3 Rxf5 38. exf5+ Kf6 39. g4 Nd3 40. Kg3 b5 41. g5+
Kxf5 42. Re7 Kg6 43. Rxc7 Rc1 44. b3 1/2-1/2

[Event "Bundesliga 2009/10"]
[Site "?"]
[Date "2010.04.11"]
[EventDate "2010.??.??"]
[Round "15.1"]
[Result "1-0"]
[White "Viacheslav Ikonnikov"]
[Black "Maxime Vachier-Lagrave"]
[WhiteElo "2558"]
[BlackElo "2718"]
[PlyCount "71"]

1. d4 Nf6 2. Nf3 g6 3. c4 Bg7 4. Nc3 O-O 5. e4 d6 6. Be2 e5
7. O-O Nbd7 8. Qc2 Re8 9. d5 Nh5 10. g3 Bf8 11. Rb1 Ng7 12. b4
a5 13. a3 Be7 14. Bh6 Nf6 15. Ne1 Ng4 16. Bd2 f5 17. Bxg4 fxg4
18. Nd3 Rf8 19. c5 Qe8 20. bxa5 Rxa5 21. a4 Rxc5 22. Nxc5 dxc5
23. Nb5 c6 24. Nc3 g5 25. Be3 Nh5 26. Rfd1 Qg6 27. Qd3 Nf4
28. Bxf4 exf4 29. d6 Bf6 30. Qc4+ Qf7 31. Qxf7+ Rxf7 32. d7
Bxd7 33. Rxb7 Be6 34. Rxf7 Kxf7 35. a5 Bc4 36. Na4 1-0

[Event "Biel Chess Festival"]
[Site "Biel SUI"]
[Date "2010.07.19"]
[EventDate "2010.07.19"]
[Round "1"]
[Result "1/2-1/2"]
[White "Maxime Vachier-Lagrave"]
[Black "Fabiano Caruana"]
[WhiteElo "2723"]
[BlackElo "2697"]
[PlyCount "87"]

1. e4 e5 2. Nf3 Nc6 3. Bb5 a6 4. Bxc6 dxc6 5. O-O Qd6 6. Na3
Be6 7. Qe2 f6 8. Rd1 Bg4 9. c3 Qe6 10. Nc2 Bd6 11. Ne3 Bxf3
12. Qxf3 Ne7 13. d4 O-O 14. Bd2 a5 15. dxe5 Qxe5 16. g3 f5
17. exf5 Nxf5 18. Nxf5 Rxf5 19. Qd3 Raf8 20. Qc4+ Kh8 21. Re1
Qf6 22. f4 Rd5 23. Be3 h5 24. Qe4 Qf7 25. c4 Rf5 26. Rad1 Re8
27. Qd3 Qg6 28. Kg2 h4 29. Bd2 Ref8 30. Re4 Rh5 31. Qe2 hxg3
32. hxg3 Kg8 33. c5 Bxc5 34. Bxa5 Qh7 35. Kf3 b6 36. Bb4 Rh2
37. Qc4+ Kh8 38. Re5 Rf2+ 39. Kg4 R8xf4+ 40. gxf4 Rg2+ 41. Kf3
Qh3+ 42. Ke4 Qe3+ 43. Kf5 Qh3+ 44. Ke4 1/2-1/2

[Event "Biel Chess Festival"]
[Site "Biel SUI"]
[Date "2010.07.22"]
[EventDate "2010.07.19"]
[Round "4"]
[Result "1/2-1/2"]
[White "Anish Giri"]
[Black "Maxime Vachier-Lagrave"]
[WhiteElo "2672"]
[BlackElo "2723"]
[PlyCount "85"]

1. Nf3 Nf6 2. c4 g6 3. Nc3 Bg7 4. e4 d6 5. d4 O-O 6. Be2 e5
7. Be3 Ng4 8. Bg5 f6 9. Bh4 g5 10. Bg3 Nh6 11. c5 g4 12. Nh4
Nc6 13. cxd6 cxd6 14. dxe5 fxe5 15. O-O Nd4 16. Bc4+ Kh8
17. Ne2 Be6 18. Bxe6 Nxe6 19. Qd2 Nf4 20. Rad1 Rc8 21. f3 Qg5
22. Nc3 Rc6 23. Kh1 Ne6 24. Qxg5 Nxg5 25. fxg4 Rxf1+ 26. Rxf1
Nxg4 27. Nf5 Nf6 28. Re1 Ne6 29. Rd1 Ne8 30. Bf2 a6 31. g3 h5
32. Kg2 Kh7 33. Be3 Bf8 34. Kf3 Kg6 35. g4 hxg4+ 36. Kxg4 Nf6+
37. Kf3 Kf7 38. Rd2 Ng7 39. Ng3 Ne6 40. a3 b5 41. Nf5 Nc7
42. Bg5 Nd7 43. Rf2 1/2-1/2

[Event "Biel Chess Festival"]
[Site "Biel SUI"]
[Date "2010.07.24"]
[EventDate "2010.07.19"]
[Round "6"]
[Result "0-1"]
[White "David Howell"]
[Black "Maxime Vachier-Lagrave"]
[WhiteElo "2616"]
[BlackElo "2723"]
[PlyCount "80"]

1. Nf3 Nf6 2. c4 g6 3. Nc3 Bg7 4. e4 d6 5. d4 O-O 6. h3 e5
7. d5 Nbd7 8. Bg5 h6 9. Be3 Nc5 10. Nd2 a5 11. g4 c6 12. a3 a4
13. Be2 Bd7 14. h4 cxd5 15. cxd5 Rc8 16. g5 hxg5 17. hxg5 Nh7
18. Rg1 f5 19. gxf6 Qxf6 20. Qc2 Bh6 21. O-O-O Bxe3 22. fxe3
Kg7 23. Kb1 Be8 24. Bb5 Bxb5 25. Nxb5 Ng5 26. Nc3 Nf3 27. Rg2
Nxd2+ 28. Qxd2 Qf3 29. Rdg1 Rf6 30. Rg4 Rh8 31. Ka2 Rh1
32. Qc2 Rxg1 33. Rxg1 Qxe3 34. Qh2 Qf2 35. Qh1 b5 36. Nxb5 Nd3
37. Rg2 Qf3 38. Rh2 Qxh1 39. Rxh1 Nc5 40. Re1 g5 0-1